|
|
|
|
| LEADER |
00864nam a22002537a 4500 |
| 003 |
OSt |
| 020 |
|
|
|a 9789332500334
|
| 082 |
|
|
|a 658
|b ROB/OR
|
| 100 |
|
|
|a Robbins, Stephen P
|
| 245 |
|
|
|a Organizational behavior
|
| 250 |
|
|
|a 15
|
| 260 |
|
|
|a Chennai
|b Pearson India Education Services Pvt. Ltd
|c 2013
|
| 300 |
|
|
|a xxxvi, 672p.
|
| 546 |
|
|
|a English
|
| 650 |
|
|
|a Diversity in Organization
|
| 650 |
|
|
|a Attitudes and Job Satisfaction
|
| 650 |
|
|
|a Emotions and Moods
|
| 650 |
|
|
|a Perception and Individual Decision Making
|
| 650 |
|
|
|a Foundations of Organization Structure
|
| 700 |
|
|
|a Timothy A Judge
|
| 700 |
|
|
|a Neharika Vohra
|
| 942 |
|
|
|2 ddc
|c BK
|
| 999 |
|
|
|c 157051
|d 157051
|
| 952 |
|
|
|0 0
|1 0
|2 ddc
|4 0
|6 658_000000000000000_ROBOR
|7 0
|8 Gen
|9 156408
|a KAUCLV
|b KAUCLV
|c GENERAL
|d 2017-07-25
|g 849.00
|l 1
|o 658 ROB/OR
|p 227118
|r 2018-03-10
|s 2018-02-21
|w 2017-07-25
|y BK
|